Computer Programming - I (Record no. 76172)

MARC details
000 -LEADER
fixed length control field 00342pam a2200145 a 4500
020 ## - INTERNATIONAL STANDARD BOOK NUMBER
Terms of availability
041 ## - LANGUAGE CODE
Language code of text/sound track or separate title eng
082 ## - DEWEY DECIMAL CLASSIFICATION NUMBER
Classification number 001.64
Item number PHA
100 ## - MAIN ENTRY--PERSONAL NAME
Personal name Phadke, S.
245 ## - TITLE STATEMENT
Title Computer Programming - I
Medium Textual Documents
260 ## - PUBLICATION, DISTRIBUTION, ETC.
Place of publication, distribution, etc. Pune:
Name of publisher, distributor, etc. Technova Publitions ,
Date of publication, distribution, etc. 1998.
300 ## - PHYSICAL DESCRIPTION
Extent 388.
653 ## - INDEX TERM--UNCONTROLLED
Uncontrolled term Fundamentals of Computer
930 ## - EQUIVALENCE OR CROSS-REFERENCE-UNIFORM TITLE HEADING [LOCAL, CANADA]
Uniform title 2893
Holdings
Withdrawn status Lost status Damaged status Not for loan Collection Home library Current library Date acquired Source of acquisition Cost, normal purchase price Total Checkouts Full call number Barcode Date last seen Copy number Price effective from Koha item type
          Poona College of Pharmacy, Pune Poona College of Pharmacy, Pune 22/07/1999 S K Kothari Medical Book Sellers 165.00   001.64 PHA PCP-B-2118 24/02/2023 1 24/02/2023 Book